[Event "Belgrade Vidovdan op"]
[Site "Belgrade"]
[Date "2023.06.27"]
[Round "3"]
[White "Poleksic, Dusan"]
[Black "Rajlic, Boris"]
[Result "1-0"]
[WhiteElo "2139"]
[BlackElo "1871"]
[PlyCount "61"]
[EventDate "2023.06.26"]
[EventType "swiss"]
[EventRounds "6"]
[EventCountry "SRB"]
[SourceTitle "EXT 2024"]
[Source "ChessBase"]
[SourceDate "2023.10.10"]
[SourceVersion "1"]
[SourceVersionDate "2023.10.10"]
[SourceQuality "1"]

1. d4 Nf6 2. c4 g6 3. Nc3 d5 4. cxd5 Nxd5 5. e4 Nxc3 6. bxc3 Bg7 7. Bc4 0-0 8. Ne2 c5 9. Be3 Nc6 10. Rc1 Qa5 11. Kf1 Rd8 12. Qb3 e6 13. Bg5 Rd7 14. d5 exd5 15. Bxd5 Qc7 16. h4 h6 17. Bf4 Ne5 18. c4 Qa5 19. Qg3 Ng4 20. f3 Nf6 21. h5 g5 22. Bxg5 hxg5 23. h6 Nxd5 24. hxg7 Ne3+ 25. Kf2 f6 26. Rh8+ Kxg7 27. Qh3 Kf7 28. Qh7+ Ke6 29. Re8+ Kd6 30. Qh2+ Kc6 31. Re6+ 1-0

[Event "Belgrade-chT2 Quality"]
[Site "Belgrade"]
[Date "2022.11.06"]
[Round "9.7"]
[White "Rajlic, Boris"]
[Black "Bobusic, Milan"]
[Result "0-1"]
[WhiteElo "1741"]
[BlackElo "1743"]
[PlyCount "116"]
[EventDate "2022.10.15"]
[EventType "team-tourn"]
[EventRounds "13"]
[EventCountry "SRB"]
[SourceTitle "EXT 2024"]
[Source "ChessBase"]
[SourceDate "2023.10.10"]
[SourceVersion "1"]
[SourceVersionDate "2023.10.10"]
[SourceQuality "1"]
[WhiteTeam "Belgrade Polet"]
[BlackTeam "Novi Belgrade Technicka"]
[WhiteTeamCountry "SRB"]
[BlackTeamCountry "SRB"]

1. e4 d6 2. d4 c6 3. c4 Qc7 4. Nc3 e5 5. Nf3 Be7 6. Be2 Nf6 7. 0-0 Nbd7 8. dxe5 dxe5 9. Qc2 0-0 10. Rd1 Re8 11. Rb1 Nf8 12. b4 Bg4 13. Be3 Ne6 14. h3 Bxf3 15. Bxf3 Red8 16. Ne2 a5 17. Rxd8+ Nxd8 18. bxa5 Qxa5 19. Bb6 Qxa2 20. Qxa2 Rxa2 21. Bxd8 Bxd8 22. Rxb7 Kf8 23. Ng3 g6 24. Ne2 Rc2 25. Rb4 Ke7 26. Kf1 Kd6 27. Ng3 Nd7 28. Bd1 Ra2 29. Rb3 Nc5 30. Rb8 Kc7 31. Rb1 Bh4 32. Bf3 Nd3 33. Be2 Nc5 34. Bf3 Rc2 35. Be2 Bxg3 36. fxg3 Nxe4 37. Bd3 Nxg3+ 38. Kg1 Rd2 39. Rb3 Ne2+ 40. Bxe2 Rxe2 41. Ra3 Rb2 42. g4 f5 43. gxf5 gxf5 44. Ra5 Kd6 45. Ra7 e4 46. Rxh7 Ke5 47. Rh6 f4 48. Rxc6 f3 49. Rc8 Kf4 50. Rf8+ Ke3 51. h4 Rg2+ 52. Kf1 Rh2 53. Kg1 Rxh4 54. c5 Rh6 55. Rf5 Ke2 56. Re5 e3 57. Rf5 f2+ 58. Kg2 Rg6+ 0-1

[Event "Belgrade-chT2 Quality"]
[Site "Belgrade"]
[Date "2022.10.30"]
[Round "7.6"]
[White "Milin, Sava"]
[Black "Rajlic, Boris"]
[Result "0-1"]
[WhiteElo "1838"]
[BlackElo "1741"]
[PlyCount "44"]
[EventDate "2022.10.15"]
[EventType "team-tourn"]
[EventRounds "13"]
[EventCountry "SRB"]
[SourceTitle "EXT 2024"]
[Source "ChessBase"]
[SourceDate "2023.10.10"]
[SourceVersion "1"]
[SourceVersionDate "2023.10.10"]
[SourceQuality "1"]
[WhiteTeam "Belgrade Bogoslov"]
[BlackTeam "Belgrade Polet"]
[WhiteTeamCountry "SRB"]
[BlackTeamCountry "SRB"]

1. d4 Nf6 2. Nf3 g6 3. e3 Bg7 4. Bd3 d5 5. Ne5 0-0 6. f4 c5 7. b3 Nc6 8. Bb2 cxd4 9. exd4 Qb6 10. c3 Nd7 11. Nd2 Ndxe5 12. fxe5 f6 13. exf6 Bxf6 14. Nf3 e5 15. dxe5 Nxe5 16. Nxe5 Bxe5 17. Qc2 Bg4 18. Rf1 Qe3+ 19. Be2 Rxf1+ 20. Kxf1 Rf8+ 21. Bf3 Rxf3+ 22. gxf3 Bh3+ 0-1

[Event "Belgrade-chT2 Quality"]
[Site "Belgrade"]
[Date "2022.10.23"]
[Round "4.5"]
[White "Kuzmanovic, Aleksa"]
[Black "Rajlic, Boris"]
[Result "1/2-1/2"]
[WhiteElo "2072"]
[BlackElo "1741"]
[PlyCount "97"]
[EventDate "2022.10.15"]
[EventType "team-tourn"]
[EventRounds "13"]
[EventCountry "SRB"]
[SourceTitle "EXT 2024"]
[Source "ChessBase"]
[SourceDate "2023.10.10"]
[SourceVersion "1"]
[SourceVersionDate "2023.10.10"]
[SourceQuality "1"]
[WhiteTeam "Belgrade Tadic"]
[BlackTeam "Belgrade Polet"]
[WhiteTeamCountry "SRB"]
[BlackTeamCountry "SRB"]

1. d4 Nf6 2. c4 g6 3. Nc3 d5 4. cxd5 Nxd5 5. Bd2 Bg7 6. e4 Nb6 7. Be3 0-0 8. h3 c5 9. dxc5 N6d7 10. Qc2 Qa5 11. a3 Nc6 12. Rc1 Rd8 13. Nf3 Nde5 14. Nxe5 Nxe5 15. f4 Nc6 16. Bc4 Nd4 17. Qa4 Qxc5 18. Nd5 e6 19. b4 Qf8 20. Nc7 Bd7 21. Qd1 Rac8 22. Bxd4 Bxd4 23. Qxd4 Rxc7 24. Rd1 Rdc8 25. Bb3 Bb5 26. Kf2 Rc3 27. Rb1 Qh6 28. Qf6 Bd3 29. Rb2 Qf8 30. Rd1 Qd6 31. Kg1 Qb6+ 32. Kh2 Qc6 33. f5 Qc7+ 34. Kg1 exf5 35. exf5 Qb6+ 36. Qxb6 axb6 37. fxg6 hxg6 38. Bd5 Rxa3 39. Bxb7 Rc7 40. Bd5 b5 41. Rf2 Bc4 42. Rc1 Rb3 43. Rf6 Kg7 44. Bxc4 bxc4 45. Rb6 c3 46. Kf1 Rc4 47. Ke2 Rcxb4 48. Rxb4 Rxb4 49. Rxc3 1/2-1/2

[Event "Belgrade Trophy 35th"]
[Site "Belgrade"]
[Date "2021.11.26"]
[Round "3"]
[White "Markovic, Filip G"]
[Black "Rajlic, Boris"]
[Result "0-1"]
[WhiteElo "1428"]
[BlackElo "1662"]
[PlyCount "72"]
[EventDate "2021.11.24"]
[EventType "swiss"]
[EventRounds "9"]
[EventCountry "SRB"]
[SourceTitle "CBM 205 Extra"]
[Source "ChessBase"]
[SourceDate "2022.01.31"]
[SourceVersion "1"]
[SourceVersionDate "2022.01.31"]
[SourceQuality "1"]

1. e4 e5 2. Nf3 Nc6 3. Bc4 Nf6 4. d3 Be7 5. c3 0-0 6. 0-0 d5 7. exd5 Nxd5 8. Re1 Bf6 9. Nbd2 Bf5 10. Nf1 Re8 11. Ng3 Bg6 12. d4 Nb6 13. Bb3 exd4 14. Rxe8+ Qxe8 15. cxd4 Rd8 16. Be3 Nxd4 17. Bxd4 Bxd4 18. Nxd4 c5 19. Rc1 cxd4 20. Rc7 Rd7 21. Rxd7 Qxd7 22. Ne2 d3 23. Nc3 a5 24. Ba4 Nxa4 25. Nxa4 Bh5 26. f3 b5 27. Nc3 Qd4+ 28. Kf1 b4 29. Ne4 Qxe4 30. Qc1 Qe2+ 31. Kg1 h6 32. Qc8+ Kh7 33. h3 d2 34. Qf5+ Bg6 35. Qxa5 d1Q+ 36. Kh2 Qd6+ 0-1

[Event "Belgrade Trophy 34th"]
[Site "Belgrade"]
[Date "2020.11.29"]
[Round "6"]
[White "Bjeletic, Zeljko"]
[Black "Rajlic, Boris"]
[Result "1-0"]
[WhiteElo "1564"]
[BlackElo "1564"]
[PlyCount "117"]
[EventDate "2020.11.24"]
[EventType "swiss"]
[EventRounds "9"]
[EventCountry "SRB"]
[SourceTitle "CBM 199 Extra"]
[Source "ChessBase"]
[SourceDate "2021.01.31"]
[SourceVersion "1"]
[SourceVersionDate "2021.01.31"]
[SourceQuality "1"]

1. Nf3 Nf6 2. c4 d6 3. g3 g6 4. Bg2 Bg7 5. 0-0 0-0 6. Nc3 Nc6 7. d4 e6 8. e4 Bd7 9. Re1 Re8 10. e5 dxe5 11. dxe5 Ng4 12. Bg5 f6 13. exf6 Bxf6 14. Bxf6 Nxf6 15. Ne5 Nxe5 16. Rxe5 Qe7 17. Qe2 Qf7 18. Bxb7 Rab8 19. Bg2 Rf8 20. Re1 Rbe8 21. Nb5 Bxb5 22. cxb5 Kg7 23. Bh3 Kh8 24. Rxe6 Rxe6 25. Qxe6 Qg7 26. Kg2 Qh6 27. Qe5 g5 28. Qd4 Qg6 29. Kg1 Kg8 30. Be6+ Kh8 31. Bc4 h5 32. Re7 h4 33. Bd3 Qh6 34. Rh7+ Qxh7 35. Bxh7 Kxh7 36. gxh4 gxh4 37. Qxh4+ Kg7 38. Qg3+ Kh8 39. Qxc7 Rg8+ 40. Kf1 Ng4 41. Qxa7 Nxh2+ 42. Ke2 Re8+ 43. Kd3 Rd8+ 44. Kc4 Rc8+ 45. Kd5 Rd8+ 46. Kc6 Rc8+ 47. Qc7 Ra8 48. Qxh2+ Kg7 49. b6 Rxa2 50. b7 Rxb2 51. Qe5+ Kg6 52. Qxb2 Kf5 53. Kd5 Kf4 54. Qd4+ Kf3 55. b8R Ke2 56. Re8+ Kf1 57. Qd1+ Kg2 58. Rg8+ Kxf2 59. Qd2+ 1-0

[Event "Belgrade Trophy 34th"]
[Site "Belgrade"]
[Date "2020.11.25"]
[Round "2"]
[White "Radojicic, Aleksandar M"]
[Black "Rajlic, Boris"]
[Result "1-0"]
[WhiteElo "2015"]
[BlackElo "1564"]
[PlyCount "121"]
[EventDate "2020.11.24"]
[EventType "swiss"]
[EventRounds "9"]
[EventCountry "SRB"]
[SourceTitle "CBM 199 Extra"]
[Source "ChessBase"]
[SourceDate "2021.01.31"]
[SourceVersion "1"]
[SourceVersionDate "2021.01.31"]
[SourceQuality "1"]

1. d4 Nf6 2. Nc3 d6 3. e4 g6 4. g3 Bg7 5. Bg2 0-0 6. Nge2 Nbd7 7. 0-0 e5 8. h3 b6 9. a4 Bb7 10. a5 a6 11. axb6 Nxb6 12. d5 Nfd7 13. g4 Qe7 14. Ng3 Rad8 15. b3 Nc5 16. Be3 Bf6 17. Qc1 Rfe8 18. Ra5 Ra8 19. Rd1 Red8 20. Bf1 Bg7 21. Qa3 Bf8 22. Ra1 Rdb8 23. Qc1 Bc8 24. Bxc5 dxc5 25. Bxa6 c4 26. Bxc8 Rxa5 27. Rxa5 Qb4 28. Qa1 Rxc8 29. Rb5 Qd6 30. Qa6 cxb3 31. Rxb6 Qxb6 32. Qxc8 bxc2 33. Nce2 Qb1+ 34. Kg2 c1Q 35. Nxc1 Qxc1 36. d6 Kg7 37. d7 Be7 38. d8Q Bxd8 39. Qxd8 c5 40. Qd5 Qc3 41. Ne2 Qb2 42. Qc4 f6 43. Nc3 Qb4 44. Qxb4 cxb4 45. Nb1 Kf7 46. Kf3 Ke6 47. Ke3 f5 48. f3 fxg4 49. fxg4 Kd6 50. Nd2 Kc5 51. Kd3 Kb5 52. g5 Kc5 53. Nb3+ Kb5 54. h4 Ka4 55. Kc4 Ka3 56. Nc5 Kb2 57. Kxb4 Kc2 58. Kc4 Kd2 59. Kd5 Ke3 60. Kxe5 Kf3 61. Kf6 1-0